Normal view
MARC view
- Kotz,Hein
Entry Personal Name
001 - CONTROL NUMBER
- control field: 1865
003 - CONTROL NUMBER IDENTIFIER
- control field: OSt
005 - DATE AND TIME OF LATEST TRANSACTION
- control field: 20180512111845.0
008 - FIXED-LENGTH DATA ELEMENTS
- fixed length control field: 180512|| aca||aabn | a|a d
040 ## - CATALOGING SOURCE
- Original cataloging agency: OSt
100 ## - HEADING--PERSONAL NAME
- Personal name: Kotz,Hein
